[Event "HCL-C162"]
[Site "www.playchess.de"]
[Date "2001.03.20"]
[Round "25"]
[White "nikk"]
[Black "Filk"]
[WhiteElo "1207"]
[BlackElo "1298"]
[PlyCount "27"]
[Result "1-0"]

1.e4 {hi}  e5 {hei}  2.Nf3 Nc6 3.Bb5 a6 4.Ba4 b5 
5.Bb3 Na5 6.O-O Nxb3 7.axb3 d6 8.d4 exd4 9.Nxd4 
Nf6 10.Re1 Bb7 11.Bg5 Be7 {you are early up 
today.}  12.Nc3 {yes, can't sleep (jetlagged)}  h6 
{So you are traveling all over the world, sounds 
fun.}  13.Bxf6 Bxf6 14.Nd5 1-0

[Event "HCL-C173"]
[Site "www.playchess.de"]
[Date "2001.03.20"]
[Round "9"]
[White "tiberiuskirk"]
[Black "dg"]
[WhiteElo "1102"]
[BlackElo "1105"]
[PlyCount "85"]
[Result "1-0"]

1.e4 e5 2.Nf3 Nc6 3.Bc4 h6 4.d4 exd4 5.c3 dxc3 
6.Nxc3 Bb4 7.Qb3 Qe7 8.O-O Nf6 9.e5 Nh7 10.Nd5 Na5 
11.Nxe7 Nxb3 12.Bxb3 Bxe7 13.Bf4 Bg5 14.Nxg5 O-O 
15.Nxh7 Kxh7 16.Rac1 c6 17.Rfd1 b6 18.Rd6 a6 
19.Be3 Rb8 20.f4 a5 21.f5 f6 22.exf6 Rxf6 23.Rcd1 
Ra8 24.Rxf6 gxf6 25.Bxb6 d6 26.Be6 d5 27.Bxc8 Rxc8 
28.Bxa5 Ra8 29.b4 Re8 30.Bb6 Re5 31.g4 Re4 32.h3 
Rxb4 33.Bc7 Rb2 34.a4 Rb3 35.a5 Rb7 36.Bb6 Rb8 
37.Re1 Rc8 38.Re7+ Kg8 39.a6 Kf8 40.Rc7 Ra8 41.a7 
Ke8 42.Rb7 Kf8 43.Rb8+ {It is over.} 
 1-0

[Event "ACL-A092"]
[Site "www.playchess.de"]
[Date "2001.03.20"]
[Round "7"]
[White "plobi"]
[Black "Yogibear"]
[WhiteElo "1308"]
[BlackElo "1768"]
[PlyCount "92"]
[Result "1/2-1/2"]

1.d4 {gutes spiel!}  d5 {hi, wünsche ich dir 
auch!}  2.c4 e5 3.Nc3 dxc4 4.e3 exd4 5.exd4 Nf6 
6.Bxc4 Bd6 7.Qe2+ Qe7 8.Qxe7+ Bxe7 9.Nf3 O-O 
10.O-O {entschuldige die verspätung, yogi!}  Bg4 
{macht doch nichts, habe bei anderen schon viel 
länger gewartet! Gruß Jürgen}  11.Re1 {stimmt! ein 
gegner von mir "denkt" schon seit über 20 tagen 
... *g*}  Bd6 12.Ne5 Nbd7 13.Bg5 Rae8 {Gut 
gespielt bisher,deine spielweise schein meine 
lieblingseröffnung als zweifelhaft zu entlarven!}  
14.Nxd7 {danke, ich tu mein bestes! aber hab schon 
lange nicht mehr gegen ein gegengambit gespielt 
...}  Nxd7 {merke ich,dass du dein bestes tust. 
muss schon ungewohnt um ausgleich kämpfen! Jürgen} 
 15.Nb5 {sei froh, dass du nicht auf mein 
damengambit eingegangen bist - da spiele ich noch 
stärker ...}  Nb6 {..spiel ich nie mit 
schwarz.Hast du da eine Lieblingsvariante?}  
16.Nxd6 {ach, da bin ich flexibel! je nach lust 
und laune ...}  cxd6 17.Bb3 Rxe1+ 18.Rxe1 d5 19.h3 
Be6 20.Be7 Rc8 21.Bc5 Nd7 22.Bxa7 Rc7 23.Bxd5 Bxd5 
24.Re8+ Nf8 25.Bc5 Rxc5 26.dxc5 Bxa2 27.b4 f5 
28.Re7 Bd5 29.Re5 Be4 {irgendwie lustig hier...}  
30.f3 {warum lustig???}  Ng6 {die gegenseitigen 
Attacken sind doch recht amüsant!}  31.Re8+ Kf7 
32.Rd8 {stimmt schon!! aber wird noch ein 
spannendes endspiel ...}  Bc6 {Darauf freue ich 
mich schon, es ist denke ich noch alles offen!}  
33.Rb8 Nf4 34.b5 Bd5 35.c6 bxc6 36.b6 c5 37.b7 Kg6 
{hmm..ich denke 37.b7?!..jetzt wird es schwierig 
für Weiß!}  38.h4 c4 {auf alle Fälle bleibt es 
spannend!}  39.g3 Nd3 40.Rc8 Bxb7 41.Rxc4 Bxf3 
42.Rd4 Ne5 43.Kf2 Bc6 44.Ke3 Kf6 45.Kf4 {ich 
glaube, dass wars jetzt ...}  Ng6+ {ein paar Züge 
noch, ok?}  46.Ke3 {ok, aber durch dieses remis 
hättest du das turnier gewonnen ...}  Ne7 {...das 
ist natürlich ein Argument!}  1/2-1/2

[Event "HCL-B171"]
[Site "www.playchess.de"]
[Date "2001.03.20"]
[Round "17"]
[White "janus"]
[Black "Franky"]
[WhiteElo "1734"]
[BlackElo "1901"]
[PlyCount "97"]
[Result "1-0"]

1.e4 c5 2.Nf3 d6 3.d4 cxd4 4.Nxd4 Nf6 5.Nc3 a6 
6.Be3 Ng4 7.Bg5 h6 8.Bh4 g5 9.Bg3 Bg7 10.Be2 h5 
11.Bxg4 hxg4 12.Qd2 e6 13.Nb3 Nc6 14.Bxd6 Ne5 
15.O-O-O Nc4 16.Qe2 Nxd6 17.e5 b6 18.exd6 Ra7 
19.Qxg4 Rd7 20.Qg3 Bb7 21.h4 g4 22.Nd2 Rh6 23.Nc4 
Bf8 24.a4 Bc6 25.Kb1 Bg7 26.f3 Bxc3 27.bxc3 b5 
28.Qxg4 Rh8 29.Qd4 f6 30.Rhe1 bxc4 31.Rxe6+ Kf7 
32.Qxc4 Qb8+ 33.Kc1 Kg7 34.Qg4+ Kf7 35.Rde1 Qd8 
36.R6e7+ Rxe7 37.Rxe7+ Qxe7 38.dxe7 Be8 39.h5 Rh6 
40.Kd2 a5 41.Qf5 Kxe7 42.g4 Rh8 43.Qxa5 Bc6 
44.Qc5+ Kd7 45.Qd4+ Ke6 46.h6 Rh7 47.Qc5 Rd7+ 
48.Ke3 Bd5 49.c4 1-0

[Event "HCL-B173"]
[Site "www.playchess.de"]
[Date "2001.03.20"]
[Round "2"]
[White "chrisg"]
[Black "ggaarrii"]
[WhiteElo "1601"]
[BlackElo "1308"]
[PlyCount "93"]
[Result "1-0"]

1.e4 {i hope you enjoy to play another game!}  c5 
{of course! thanks for a chance to get strike 
back!}  2.c4 {No problem, i believe you are a 
strong player and i liked the game before!}  Nc6 
3.Ne2 e6 4.Nbc3 d6 5.d4 cxd4 6.Nxd4 Nf6 7.Be2 Be7 
8.O-O a6 9.Be3 Qc7 10.Nxc6 bxc6 11.Qd3 O-O 12.Rad1 
Rd8 13.f4 d5 14.Qc2 Bb7 15.Qb3 Rab8 16.Bb6 {Hmm, 
what was this?}  Qd7 {This was moving without 
thinking! :))}  17.e5 {O.K., it happens sometimes 
(like me!) Don't worry!:-)}  Ne8 {I am at work so 
i don't analize much, but next tourn. i will 
surely bring my positions home!}  18.Bxd8 {i 
understand, working is not good for playing chess 
;-)) I wish you the very best! Chris}  Bxd8 19.Na4 
Qe7 20.cxd5 cxd5 {Do you play on-line chess and 
where? I am on FICS under same nickname!}  21.Bxa6 
{No, i don't play on-line chess! i played only 
here and will have fun!}  Bxa6 {You should try it 
on www.freechess.org then you'll find instructions 
there (i recommend CClient)}  22.Qxb8 {thank you 
for the informations, i will try it the next days! 
:-)) have a nice evening!}  Bxf1 23.Kxf1 h6 24.Rc1 
Qh4 25.g3 Qxh2 26.Qxd8 Qh1+ 27.Kf2 {last move for 
today! have a nice evening!}  Qxc1 28.Qxe8+ Kh7 
29.Qb5 g5 30.Qd3+ Kg7 31.fxg5 {good morning!}  
Qxg5 32.Qd4 h5 33.Nc5 Qf5+ 34.Kg2 Qc2+ 35.Kf3 Qc1 
36.a3 Qf1+ 37.Qf2 Qh1+ 38.Ke2 Qc1 39.Nd3 Qc4 
40.Qf6+ Kf8 41.Qd8+ Kg7 42.Qg5+ Kf8 {did you try 
it?}  43.Qf4 {no, sorry, in the moment i have a 
lot of work and not so much time for playing 
chess!}  Qc2+ 44.Qd2 Qc4 45.Qb4+ Qxb4 46.Nxb4 Ke7 
47.a4 1-0

[Event "ACL-A093"]
[Site "www.playchess.de"]
[Date "2001.03.20"]
[Round "5"]
[White "deepcover"]
[Black "malkawi2000"]
[WhiteElo "1735"]
[BlackElo "1500"]
[PlyCount "50"]
[Result "1-0"]

1.c4 Nf6 2.Nf3 e6 3.d4 Bb4+ 4.Bd2 Qe7 5.g3 O-O 
6.Bg2 Ne4 7.O-O Bxd2 8.Nfxd2 Nxd2 9.Nxd2 c6 10.c5 
d5 11.cxd6 e.p 12.Qxd6 e3 {sorry i donnot write 
password}  13.Nd7 {Too early to think about a 
draw. Let's play!}  Rc1 {why u accept in last 
move}  14.Nb6 {I pushed the wrong button}  Qc2 
15.e5 Ne4 16.Qe7 dxe5 17.Qxe5 Nc5 18.Nd7 Nd3 
19.Qe7 Rfd1 20.Nf6 Qc5 21.Re8 e4 22.Be6 b3 23.Qxc5 
Nxc5 24.b6 e5 25.Nd5 Nxe6 1-0

[Event "HCL-B176"]
[Site "www.playchess.de"]
[Date "2001.03.20"]
[Round "5"]
[White "deephuman"]
[Black "Stefan"]
[WhiteElo "1500"]
[BlackElo "1417"]
[PlyCount "41"]
[Result "1-0"]

1.e4 {hi}  d6 {hello}  2.d4 Nf6 3.Nc3 g6 4.Nf3 Bg7 
5.Be2 O-O 6.O-O c6 7.a4 Nbd7 8.Re1 a5 9.h3 e5 
10.dxe5 dxe5 11.Be3 Qe7 12.Bf1 Rd8 13.Qe2 Nc5 
14.Qc4 b6 15.Bxc5 Qxc5 16.Qxc5 bxc5 17.Rad1 Nd7 
18.Rd6 Bb7 19.Red1 Bc8 20.Rxc6 Bf8 
21.Bb5 1-0

[Event "HCL-B172"]
[Site "www.playchess.de"]
[Date "2001.03.20"]
[Round "7"]
[White "Michael"]
[Black "victor"]
[WhiteElo "1200"]
[BlackElo "1567"]
[PlyCount "37"]
[Result "1-0"]

1.Nf3 d5 2.d4 Nf6 3.Bf4 Bg4 4.Ne5 e6 5.h3 Bh5 6.g4 
Bg6 7.g5 Nh5 8.e3 Nxf4 9.exf4 f6 10.gxf6 Qxf6 
11.Qf3 Be4 12.Bb5+ c6 13.Qc3 Bxh1 14.Bd3 Qxf4 
15.b4 Qc1+ 16.Ke2 Bd6 17.Nd2 Qxa1 18.Qxa1 Bg2 
19.Qg1 1-0

[Event "HCL-B172"]
[Site "www.playchess.de"]
[Date "2001.03.20"]
[Round "14"]
[White "Nulnulnix"]
[Black "uneek"]
[WhiteElo "945"]
[BlackElo "1215"]
[PlyCount "65"]
[Result "1/2-1/2"]

1.c4 e6 2.d4 Nf6 3.a3 d5 4.c5 Nc6 5.Nf3 b6 6.cxb6 
axb6 7.e3 Ba6 8.Qa4 Bb7 9.Qb3 Be7 10.Ne5 O-O 
11.Bb5 Qd6 12.Nxc6 Bxc6 13.Be2 e5 14.Nc3 exd4 
15.exd4 Ne4 16.Be3 Nxc3 17.Qxc3 Ra5 18.b4 Ra7 
19.O-O Bf6 20.Bg4 Bb5 21.Rfe1 Bd7 22.Bxd7 Qxd7 
23.g3 c6 24.Bf4 Re8 25.Rxe8+ Qxe8 26.Re1 Re7 
27.Rxe7 Qxe7 28.Qxc6 Qe1+ 29.Kg2 Qe4+ 30.Kh3 Qf5+ 
31.Kg2 {A draw ? I'm not shure if you can set me 
in check forever. If not, I think, I'm in the 
better pos.}  Qe4+ 32.Kf1 Qd3+ 33.Kg2 {.. OK, I 
can't refuse draw}  1/2-1/2

[Event "ACL-A095"]
[Site "www.playchess.de"]
[Date "2001.03.20"]
[Round "20"]
[White "chessnut"]
[Black "chucaniam"]
[WhiteElo "1501"]
[BlackElo "1500"]
[PlyCount "57"]
[Result "1-0"]

1.c4 Nf6 2.g3 e6 3.Nf3 Be7 4.Bg2 O-O 5.O-O d5 6.b3 
dxc4 7.bxc4 Nc6 8.d4 Nd7 9.Bb2 Nb6 10.Nbd2 Bf6 
11.e3 Bd7 12.Rb1 a5 13.c5 Nd5 14.e4 Ndb4 15.a3 Na6 
16.Nc4 b5 17.cxb6 cxb6 18.d5 exd5 19.exd5 Na7 
20.Bxf6 Qxf6 21.Rxb6 Qd8 22.Rxa6 Bb5 23.Rxa7 Rxa7 
24.Nfe5 Bxc4 25.Nxc4 Rc7 26.Nxa5 Rc3 27.Nc6 Qc7 
28.Qd4 Rxa3 29.Qc5 1-0

[Event "HCL-C191"]
[Site "www.playchess.de"]
[Date "2001.03.20"]
[Round "6"]
[White "Martinio"]
[Black "Purple_Eagle00"]
[WhiteElo "1000"]
[BlackElo "900"]
[PlyCount "51"]
[Result "1-0"]

1.d4 Nf6 2.c4 e6 3.Nc3 d5 4.Nf3 Bb4 5.cxd5 exd5 
6.Qa4+ Nc6 7.Bg5 Bd7 8.Qb3 Bxc3+ 9.bxc3 Na5 10.Qb4 
c6 11.Bxf6 gxf6 12.e3 b5 13.a4 a6 14.axb5 axb5 
15.Bd3 Nb7 {Hi.}  16.O-O {Hello}  Rxa1 17.Rxa1 Qc8 
18.Ra7 c5 19.dxc5 Nxc5 20.Bxb5 O-O 21.Bxd7 Nxd7 
22.Qg4+ Kh8 23.Rxd7 Qxc3 24.g3 Rg8 25.Qf5 Rf8 
26.Nd4 1-0

[Event "HCL-B185"]
[Site "www.playchess.de"]
[Date "2001.03.20"]
[Round "10"]
[White "SAROS"]
[Black "jack-up"]
[WhiteElo "1354"]
[BlackElo "1543"]
[PlyCount "31"]
[Result "1-0"]

1.e4 {Hello}  c5 {hello from venice, italy}  2.Nf3 
{i am from Istanbul}  g6 {Oh it's a beautiful 
town}  3.d4 {thanks, it is so}  Bg7 4.c3 Nf6 5.Bd3 
d5 6.e5 Ne4 7.O-O c4 8.Bxe4 dxe4 9.Nfd2 Qd5 
10.Qa4+ b5 11.Qc2 Bb7 12.Re1 e3 13.Nf3 exf2+ 
14.Qxf2 Nc6 15.Bf4 b4 16.Nbd2 1-0

[Event "ACL-E003"]
[Site "www.playchess.de"]
[Date "2001.03.20"]
[Round "5"]
[White "player27"]
[Black "peze"]
[WhiteElo "1695"]
[BlackElo "1869"]
[PlyCount "140"]
[Result "0-1"]

1.e4 {hallo Peter- nutzt alles nix, hier muss ich 
durch...! Auf ein Gutes! Gruss andy}  e5 {...aber 
nicht mit dem Kopf durch die Wand! Hallo Andy, 
freut mich! Viel Glück!}  2.Nf3 {...natürlich 
nicht *g* Danke, Dir auch viel Fun-werde mir auf 
jeden Fall mehr Zeit nehmen}  Nf6 3.Nc3 {bloss 
keinen Russen *g*}  Nc6 {Was hast Du gegen 
"Russisch"? Meine Spezialität!}  4.Bb5 {genau 
darum *g* aber eine "russische Schlacht" werden 
wir zu einem späteren Zeitpunkt austragen}  Nd4 
{Also gut; die Rubinstein-Variante im schott. 
4-Springer-Spiel. Ist es recht so ? ;-))}  5.Ba4 
{recht so Meister Peze : )}  c6 {...das beruhigt 
mich. :-)}  6.Nxe5 { )}  d6 {Feierabend für heute. 
Gute Nacht Andy.}  7.Nf3 {und weiter}  Bg4 {Guten 
Morgen}  8.d3 {Schachspiel.de kennst du ja- hast 
du dort mal unter "Peter99" gespielt?}  d5 {Nein! 
Man fürchtet ääh kennt mich dort als 
"peterZenner".}  9.Be3 {stimmt, dieser "Peter" kam 
vor dir- bei SP.de gibt oder gab es mind. ein 
Dutzend}  Nxf3+ 10.gxf3 {der war ganz heiss auf 
Russisch, aber auch nicht abgeneigt für einen Sizi 
*g*}  Bh5 {"Englisch" nicht zu vergessen!}  11.Bd4 
{ist mir nicht in erinnerung-hatten nur wenig 
Spiele-scheint untergetaucht zu sein}  dxe4 
12.dxe4 Bxf3 13.Qxf3 {Gute N8! bis morgen}  Qxd4 
14.Rd1 {Your Turn}  Qe5 {... immer diese 
Belästigungen! ;-)}  15.O-O {gehört doch dazu! Ist 
das Salz in der (Schach)suppe  ; )}  a5 {Wo er 
recht hat, hat er recht! :-))}  16.Qg3 {dafür 
verblüfft er mich immer wieder mit 
Überraschungszügen  ; (}  Qxg3+ {Wer... wo ... 
Ich?}  17.hxg3 {Richtig! genau du! - Weile Deines 
Amtes!}  b5 {...ein unangenehmes Bäuerlein...}  
18.Nxb5 {...und wenns schief geht, meine Güte, ich 
werde das Schachbrett nicht in die Ecke feuern 
*g*}  cxb5 19.Bxb5+ {Schach!}  Ke7 {...immer diese 
Belästigungen Ihrer Majestät!}  20.e5 {na 
irgendwie muss ich mich doch wehren  ; )}  Ng4 
21.Rfe1 {  Guten...}  Rd8 {...Tag!}  22.Rxd8 {das 
passt...Schönen guten Tag! (Nachmittag)}  Kxd8 
23.Re4 {richtig... Abend!}  f5 24.exf6 {nee 
...Morgen!}  Nxf6 {...doch Tag! :-)}  25.Re6 { (}  
Bc5 26.Kg2 Rf8 27.f4 { (}  Rf7 {HELAU ! :-))}  
28.Rc6 {HELAU again ! :-))}  Rc7 29.Rxc7 {na dann 
nehme ich! wieder ein Angreifer weniger! dein Sieg 
wieder ferner ; )}  Kxc7 {...aber auch ein 
unangenehmer Verteidiger.}  30.Kf3 {jetzt KEIN 
Scherz:mein Minimalziel: Matt mit L+S+K (wenn du 
es schaffst) *G*}  h6 {...mühsam 'nährt sich das 
Schachhörnchen. :-)}  31.g4 {Problem sind deine 
beiden Bauern am K"flügel,werde ich wahrs. meinen 
L hergeben (?)  : )}  Bd6 {...so könnte es 
kommen!}  32.g5 {erster weg!  : )}  Nd5 33.gxh6 
{jetzt schon nehmen? na klar, hau weg das Ding ; 
)}  gxh6 {...und schon ist er weg. :-)}  34.f5 
{nun hast du also den erwarteten Freibauer, mal 
schaun wie ich ihn bändigen kann ; )}  Bc5 {...es 
wird mühsam, aber es wird...}  35.Be8 {schwer : (} 
 Kd6 36.c3 {Le8 war wohl der letzte Fehler, aber 
egal  ; )}  Ke5 37.Bf7 Ne7 38.a3 Nxf5 39.b4 
{nocheiner weg!!}  Nd6 {so geht einer nach dem 
anderen ... :-(}  40.Bg6 {für deinen letzten kommt 
dann wohl das schon angesprochene Opfer : )}  Bb6 
{...aber erst das Fußvolk liquidieren ...}  41.a4 
axb4 42.cxb4 Kd4 43.a5 Ba7 44.Kf4 Kc4 45.Ke5 Nb5 
46.Ke4 Kxb4 {So geht einer nach dem anderen ...}  
47.Kd5 {vielleicht geht*s auch schneller ; )}  
Kxa5 {Wie war das noch mal. 2S geht nicht, 2L geht 
bestens, L+S geht langsam aber es geht.}  48.Kc6 
{stimmt genau- ist aber das falsche Eckfeld *gg*}  
Nd4+ {Endspielbehandlung ist meine Schwäche, denn 
meistens geb' ich vorher auf! :-)}  49.Kd5 {geht 
mir nicht anders ; )  Du hast hier aber einen 
Bonus! (betr. 50-Züge-Regel)}  Ne2 {Ich weiß, aber 
so lange werde ich hoffentlich nicht brauchen!}  
50.Kc6 {das System kennt einige Regeln NICHT! so 
auch diese,aber wie du sagst,wird wohl schneller 
gehen}  Nf4 51.Bf7 {Illegale Rochaden waren bis 
vor kurzem noch möglich!}  h5 {Welche engine 
überprüft die Züge?}  52.Bxh5 {nee, glaube ich 
nicht, ist nur eine einfache Plattform !?}  Nxh5 
{So jetzt geht's los. Ich geb' mir max. 30 Züge, 
dann remis. Abgemacht ?}  53.Kb7 {na gut, maximal 
35 Z. (jetzt noch 34)- schaffst du!}  Bd4 {Max. 30 
incl. 53. ... Ld4}  54.Kc6 {wenn es eine Engine 
für die Kontrolle aller Züge gäbe,würde der Server 
ja noch mehr in die Knie gehe}  Nf4 {Ja schon, 
aber nimmt er regelwidrige Züge an?}  55.Kb7 
{ausser den Rochaden ist mir nichts 
bekannt,grundsätzlich aber nein!}  Be5 {Also 
Zugprüfung ohne Historie.}  56.Ka7 {also 3x 
Zugwdh. merkt er nicht, interessant wäre Patt, 
schwer herauszufinden}  Kb5 {"Zugwdh"...weil er 
die Historie (Notation) nicht prüft ?! Ich krieg 
Dich schon ins andere Eck :-)}  57.Kb7 {na klar, 
hab nichts dagegen ; )}  Nd5 58.Ka7 Kc6 
{Feierabend! Gute Nacht Andy!}  59.Ka8 {ok, tu 
das. Bis später! Gruss andy}  Nb6+ 60.Ka7 Bf4 
{Zugzwang}  61.Ka6 {der Marsch beginnt...}  Bb8 
{...er geht seinen letzten und einsamen Gang ...}  
62.Ka5 Nd5 63.Ka6 Nb4+ 64.Ka5 {du hast auf jeden 
Fall den schwierigeren Part ; ) wird ja auch 
belohnt!}  Kc5 65.Ka4 Kc4 66.Ka5 Bc7+ 67.Ka4 
{unglaublich! Fritz zeigt mir gerade ein Matt an, 
nicht in der Ecke!!!}  Nd3 {Ich seh' nur das Matt 
in der Ecke!? Gute Nacht Andy}  68.Ka3 {hab auch 
nicht optimal gezogen! zB. 63. Ka4 hätte länger 
gedauert, aber eh egal...}  Bd6+ {..- das Ende ist 
zu sehen! Unter 10 Z. ( 5 oder 7 )}  69.Ka4 {wie 
schon gesagt, mit 63. Ka4 oder 56. Kc6 hätte es 
etwa 10 Züge länger gedauert.}  Nc5+ {...aber noch 
innerhalb der 30 Züge !!}  70.Ka5 {super gespielt! 
Glückwunsch, bis denn  andy}  Bc7+ {Danke Dir und 
auf bald! Gruß Peter}  0-1

[Event "HCL-C192"]
[Site "www.playchess.de"]
[Date "2001.03.20"]
[Round "6"]
[White "Elrond"]
[Black "docdds"]
[WhiteElo "1625"]
[BlackElo "1000"]
[PlyCount "47"]
[Result "1-0"]

1.e4 e6 {hello}  2.d4 d5 3.Nc3 {sorry I missed 
your hell0, so : Hello & *handshake*}  Bb4 
{*handshake* and good skill}  4.e5 {o.k.}  b6 5.a3 
Bxc3+ 6.bxc3 Ba6 7.Qg4 g6 8.Bg5 Ne7 9.Ne2 Nbc6 
10.Bf6 Rg8 11.h4 Qd7 12.h5 gxh5 13.Qxh5 O-O-O 
14.Qxf7 Rdf8 15.Qxh7 Qe8 16.Nf4 Bxf1 17.Kxf1 Qf7 
18.Qxf7 Rxf7 19.Nxe6 Ng6 20.Ng5 Rff8 21.g3 Kd7 
22.Rh7+ Kc8 23.Ne6 Rfe8 24.Rxc7+ 1-0

[Event "HCL-C192"]
[Site "www.playchess.de"]
[Date "2001.03.20"]
[Round "10"]
[White "docdds"]
[Black "pgschumy"]
[WhiteElo "1000"]
[BlackElo "1000"]
[PlyCount "66"]
[Result "0-1"]

1.d4 {hello}  Nf6 {hello, docdds!}  2.c4 {The game 
begins!!}  e6 {Go!}  3.Nc3 d5 4.cxd5 Nxd5 5.e4 
Nxc3 6.bxc3 a6 7.Nf3 h6 8.e5 c5 9.Ba3 Qa5 10.Qc1 
cxd4 11.Bxf8 Kxf8 12.Nxd4 Qxe5+ 13.Be2 Qd6 14.O-O 
Nc6 15.Rd1 Nxd4 16.Rxd4 Qe7 17.Qc2 e5 18.Rd2 g6 
19.Rad1 Kg7 20.h3 Bf5 21.Qb2 b5 22.c4 bxc4 23.Bxc4 
Rab8 24.Qc3 Rhc8 25.Re1 f6 26.g4 Be6 27.Re4 Rb7 
28.Qd3 Rd7 29.Qe2 Rxd2 30.Qxd2 Rxc4 31.Re3 Rd4 
32.Qa5 Qb7 33.Rb3 Rd1+ 0-1

[Event "HCL-A081"]
[Site "www.playchess.de"]
[Date "2001.03.20"]
[Round "26"]
[White "kondor"]
[Black "gelus"]
[WhiteElo "1638"]
[BlackElo "1892"]
[PlyCount "58"]
[Result "0-1"]

1.e4 e6 2.d4 d5 {hi  :-)}  3.Nd2 dxe4 4.Nxe4 Nd7 
5.Nf3 Ngf6 6.Nxf6+ Nxf6 7.Bd3 Be7 8.Qe2 O-O 9.Bg5 
Nd5 10.h4 Nb4 11.Bc4 f6 12.Be3 Bd7 13.a3 Nd5 
14.O-O-O Re8 15.Kb1 b5 16.Ba2 a5 17.Qd3 b4 18.h5 
Rb8 19.h6 bxa3 20.Bxd5 Rxb2+ 21.Ka1 exd5 22.hxg7 
f5 23.g4 Qb8 24.Rdb1 Qb4 25.Bd2 Qa4 26.Ne5 Qxc2 
27.Qxc2 Rxc2 28.Bxa5 Bc8 29.gxf5 
Bxf5 0-1

[Event "HCL-B191"]
[Site "www.playchess.de"]
[Date "2001.03.20"]
[Round "2"]
[White "archi"]
[Black "steeve"]
[WhiteElo "1200"]
[BlackElo "1500"]
[PlyCount "50"]
[Result "0-1"]

1.e4 {Nice to play with you. Hi}  e5 2.Nf3 Nc6 
3.Nc3 Nf6 4.Bb5 Bb4 5.O-O O-O 6.d3 Bxc3 7.bxc3 d6 
8.Bxc6 bxc6 9.Rb1 h6 10.d4 Nxe4 11.Qd3 Bf5 12.g3 
Nxg3 13.Qd1 Nxf1 14.Kxf1 e4 15.Ng1 Qh4 16.Kg2 Rab8 
17.Rb3 Rxb3 18.cxb3 Bg4 19.Qc2 Bf3+ 20.Nxf3 Qg4+ 
21.Kf1 exf3 22.b4 Qg2+ 23.Ke1 {why you have been 
draw with bundori?}  Re8+ {He offered the draw and 
i dont think i could win, we can share 1st place 
and both get promoted}  24.Kd2 Qxf2+ 25.Kd3 
Qf1+ 0-1

[Event "HCL-E029"]
[Site "www.playchess.de"]
[Date "2001.03.20"]
[Round "5"]
[White "Ivanchico"]
[Black "DKCozy"]
[WhiteElo "2000"]
[BlackElo "1711"]
[PlyCount "43"]
[Result "1-0"]

1.d4 d5 2.c4 {hi! I am new at this page and my 
english is not so good. Good lucky}  e5 {Thats ok 
Lets have a good game, See my homepage}  3.dxe5 
{Please, how can I visit your homepage?}  d4 {By 
clicking my name and get my player info :) do you 
have a homepage ?}  4.Nf3 {I am new at this page 
and I dont know if I have a homepage here. I don't 
have a homepage.}  Nc6 5.Nbd2 Bf5 6.a3 Qd7 7.g3 
Nge7 8.Bg2 Ng6 9.O-O Be7 10.b4 Rd8 11.Bb2 Bh3 
12.b5 Ncxe5 13.Bxd4 Nxf3+ 14.Nxf3 O-O 15.Qc2 Bxg2 
16.Kxg2 Qg4 17.e3 h5 18.h3 Qe6 19.Qc3 Rfe8 20.Bxg7 
h4 21.Nd4 Qf6 22.Bxf6 {?!}  1-0

[Event "HCL-B179"]
[Site "www.playchess.de"]
[Date "2001.03.20"]
[Round "12"]
[White "Michael_Schenk"]
[Black "pauls"]
[WhiteElo "1227"]
[BlackElo "1200"]
[PlyCount "47"]
[Result "1-0"]

1.e4 {Your move. Have fun!}  Nf6 2.e5 Nd5 3.d4 e6 
4.Nf3 Bd6 5.exd6 {A mistake? I suppose, you mean 
Bb4+?}  cxd6 6.Bc4 Nb6 7.b3 d5 8.Bd3 Qe7 9.O-O O-O 
10.Ba3 d6 11.c4 Qf6 12.Bxd6 Rd8 13.c5 N8d7 14.cxb6 
axb6 15.Nc3 Ra5 16.Re1 e5 17.dxe5 Qh6 18.a3 f6 
19.b4 Ra6 20.Bxa6 bxa6 21.Qxd5+ Kh8 22.e6 Ne5 
23.Nxe5 fxe5 24.Rxe5 1-0

[Event "HCL-B179"]
[Site "www.playchess.de"]
[Date "2001.03.20"]
[Round "14"]
[White "Michael_Schenk"]
[Black "Kimura"]
[WhiteElo "1227"]
[BlackElo "1500"]
[PlyCount "48"]
[Result "0-1"]

1.e4 {Your move. Have fun!}  e5 2.f4 exf4 3.Nf3 d5 
4.exd5 Nf6 5.Bb5+ c6 6.dxc6 bxc6 7.Bc4 Nd5 8.O-O 
Bd6 9.Nc3 Be6 10.Nxd5 cxd5 11.Bb5+ Nd7 12.Qe2 O-O 
13.c3 g5 14.d4 Re8 15.Qc2 Qf6 16.Bd2 Bf5 17.Qb3 g4 
18.Bxd7 Bxd7 19.Ne5 f3 20.Nxd7 Bxh2+ 21.Kxh2 {good 
move! I haven´t seen that.}  Qh4+ 22.Kg1 g3 {Thank 
you! I didn´t see all the variants!}  23.Rxf3 Qh2+ 
24.Kf1 {That´s it. Congratulation ;-)}  Qh1+ {i 
think 20.Nxd7 was the only wrong move, but you are 
a good player ;=)}  0-1

[Event "ACL-A100"]
[Site "www.playchess.de"]
[Date "2001.03.20"]
[Round "2"]
[White "Rparkes"]
[Black "chrisg"]
[WhiteElo "1500"]
[BlackElo "1784"]
[PlyCount "55"]
[Result "1/2-1/2"]

1.d4 d5 2.c4 c6 3.Nc3 Nf6 4.Nf3 a6 5.cxd5 cxd5 
6.Bf4 Nc6 7.e3 Bg4 8.Be2 e6 9.O-O Be7 10.Rc1 O-O 
11.h3 Bh5 12.Qb3 Na5 13.Qc2 Bg6 14.Bd3 Rc8 15.Bxg6 
fxg6 16.Qe2 Bb4 17.Bg5 Bxc3 18.bxc3 Nc4 19.Nd2 
Nxd2 20.Bxf6 Qxf6 21.Qxd2 Rc7 22.Rc2 Qf5 23.Qe2 
Rfc8 24.Rfc1 R7c4 25.Qg4 Qxg4 26.hxg4 b5 27.Kf1 
Kf7 28.Ke2 1/2-1/2